Fingerprint Matching Using Relaxation Local Greedy Search &Automated Detection of Partial Fingerprint Images/ (Record no. 524849)
[ view plain ]
| 000 -LEADER | |
|---|---|
| fixed length control field | 00639nam a22001937a 4500 |
| 003 - CONTROL NUMBER IDENTIFIER | |
| control field | NUST |
| 005 - DATE AND TIME OF LATEST TRANSACTION | |
| control field | 20190630134009.0 |
| 008 - FIXED-LENGTH DATA ELEMENTS--GENERAL INFORMATION | |
| fixed length control field | 190626b ||||| |||| 00| 0 eng d |
| 038 ## - RECORD CONTENT LICENSOR | |
| Staff Name | Mr. Noman Tariq |
| 082 ## - DEWEY DECIMAL CLASSIFICATION NUMBER | |
| Classification number | 621.39 |
| 100 ## - MAIN ENTRY--PERSONAL NAME | |
| Personal name | Ejaz, Adeel |
| 9 (RLIN) | 16079 |
| 245 ## - TITLE STATEMENT | |
| Title | Fingerprint Matching Using Relaxation Local Greedy Search &Automated Detection of Partial Fingerprint Images/ |
| Statement of responsibility, etc. | Adeel Ejaz. |
| 260 ## - PUBLICATION, DISTRIBUTION, ETC. | |
| Place of publication, distribution, etc. | Islamabad: |
| Name of publisher, distributor, etc. | EME - NUST, |
| Date of publication, distribution, etc. | Islamabad. |
| 300 ## - PHYSICAL DESCRIPTION | |
| Extent | viii, 37 p. : ill. ; |
| Dimensions | 35 cm. |
| 500 ## - GENERAL NOTE | |
| General note | Hard Cover. |
| 650 ## - SUBJECT ADDED ENTRY--TOPICAL TERM | |
| Topical term or geographic name entry element | Computer Engineering -Ms Thesis. |
| 9 (RLIN) | 16083 |
| 700 ## - ADDED ENTRY--PERSONAL NAME | |
| Personal name | Dr. Muhammad Usman Akram |
| 9 (RLIN) | 16084 |
| 942 ## - ADDED ENTRY ELEMENTS (KOHA) | |
| Source of classification or shelving scheme | |
| Koha item type | Thesis |
| Withdrawn status | Lost status | Source of classification or shelving scheme | Damaged status | Not for loan | Permanent Location | Current Location | Shelving location | Date acquired | Total Checkouts | Full call number | Barcode | Date last seen | Price effective from | Koha item type |
|---|---|---|---|---|---|---|---|---|---|---|---|---|---|---|
| Central Library (CL) | Central Library (CL) | Thesis | 06/26/2019 | 621.39 | CL-T-117 | 06/26/2019 | 06/26/2019 | Thesis |
